| 000 | 00722nam a2200217 i 4500 | ||
|---|---|---|---|
| 001 | 131461 | ||
| 003 | ES-MaACL | ||
| 005 | 20250819063100.0 | ||
| 007 | t| | ||
| 008 | 070214s1975 sp |||| | spa d | ||
| 100 | 1 |
_aRodríguez Adrados, Francisco, _d1922-2020 _998318 |
|
| 245 | 1 | 0 |
_aLingüística indoeuropea / _cFrancisco Rodríguez Adrados. |
| 260 |
_aMadrid : _bGredos, _c1975. |
||
| 300 |
_a2 v. ; _c21 cm. |
||
| 490 | 1 |
_aBiblioteca románica hispánica. Tratados y monografías ; _v15 |
|
| 650 | 0 | 4 |
_aLenguas indoeuropeas. _914360 |
| 830 | 0 |
_aBiblioteca románica hispánica. I. Tratados y monografías ; _v15 _9184467 |
|
| 852 |
_aES-MaACL _jE-9057-58 |
||
| 942 | _2udc | ||
| 999 |
_c131461 _d131461 |
||